[Event "Barcelona Sant Marti op-B 23rd"]
[Site "Barcelona"]
[Date "2023.07.16"]
[Round "4"]
[White "Salazar Navas, Josep"]
[Black "Pla Julio, Carlos Javier"]
[Result "1-0"]
[WhiteElo "1561"]
[BlackElo "1205"]
[PlyCount "35"]
[EventDate "2023.07.13"]
[EventType "swiss"]
[EventRounds "9"]
[EventCountry "ESP"]
[SourceTitle "CBM 215 Extra"]
[Source "ChessBase"]
[SourceDate "2023.09.30"]
[SourceVersion "1"]
[SourceVersionDate "2023.09.30"]
[SourceQuality "1"]

1. e4 e5 2. Bc4 Nf6 3. d3 Nc6 4. Nc3 Bb4 5. Nge2 0-0 6. 0-0 Bxc3 7. bxc3 d6 8. Ng3 Ng4 9. h3 Nf6 10. f4 exf4 11. Bxf4 Ne5 12. Bb3 c6 13. d4 Ng6 14. Bg5 Qd7 15. Bxf6 gxf6 16. Nh5 Kh8 17. Nxf6 Qc7 18. Qh5 1-0